9 Letter Capital Cities - Statistics

General Stats
  • This quiz has been taken 14 times
    9 since last reset
  • The average score is 18 of 22
Answer Stats
% Correct
Europe Netherlands Amsterdam
100%
Europe Romania Bucharest
100%
Asia Pakistan Islamabad
100%
Europe Israel Jerusalem
100%
Asia Nepal Kathmandu
100%
North America Saint Vincent and the Grenadines Kingstown
86%
Europe Slovenia Ljubljana
86%
Africa Somalia Mogadishu
86%
Asia Cambodia Phnom Penh
86%
Asia North Korea Pyongyang
86%
Europe Iceland Reykjavik
86%
Europe San Marino San Marino
86%
Asia Singapore Singapore
86%
Europe Sweden Stockholm
86%
Asia Laos Vientiane
86%
Asia Myanmar Naypyidaw
71%
Asia Palau Ngerulmud
71%
Asia Tonga Nuku'alofa
71%
Europe Montenegro Podgorica
71%
Africa Benin Porto-Novo
71%
Africa Mauritius Port Louis
57%
North America Grenada St. George's
57%
No matching quizzes found
Score Distribution
Percent of People with Each Score
Percentile by Number Answered
Your Score History
You have not taken this quiz since the last reset